000
003110000a22001450004500
003
MACL
040
_a
MACL
090
_c
3375
_d
3375
100
_a
Keay , F. E.
245
_a
Kabir And His Followers
260
_a
New Delhi
_b
Mittal Publications
_c
1995
350
_a
195
650
_a
Religion
942
_c
BOOK
_k
294
999
_c
3353
_d
3353